| 000 | 00557 a2200181 4500 | ||
|---|---|---|---|
| 003 | OSt | ||
| 005 | 20251007162537.0 | ||
| 008 | 251007b |||||||| |||| 00| 0 eng d | ||
| 020 | _a9788197849725 | ||
| 082 |
_223 _a618.2 |
||
| 100 |
_aMaurya, Archarya _9213153 |
||
| 245 |
_aTextbook of Child Health Nursing -I _bExclusively Prepard for B.Sc. Nursing V Semester |
||
| 260 |
_bAITBS Publishers _aDelhi _c2025 |
||
| 300 | _aXXIII;318P. | ||
| 650 | _2Child Health Nursing | ||
| 700 |
_aKurian, Bibin _aWankhede, Darshana Kumari _9213583 |
||
| 942 |
_cBK _2ddc |
||
| 999 |
_c367829 _d367829 |
||